ՀՀ Գիտությունների ազգային ակադեմիայի հիմնարար գիտական գրադարան  =   Fundamental Scientific Library of NAS RA

Algae biomass : (Record no. 213673)

MARC details
000 -LEADER
fixed length control field 01455cam a2200325 i 4500
001 - CONTROL NUMBER
control field 000553342
003 - CONTROL NUMBER IDENTIFIER
control field AM-YeHGA
005 - DATE AND TIME OF LATEST TRANSACTION
control field 20250617140118.0
008 - FIXED-LENGTH DATA ELEMENTS--GENERAL INFORMATION
fixed length control field 810112s1980 ne a b 101 0 eng d
020 ## - INTERNATIONAL STANDARD BOOK NUMBER
International Standard Book Number 0444802428
040 ## - CATALOGING SOURCE
Original cataloging agency AM-YeHGA
041 0# - LANGUAGE CODE
Language code of text/sound track or separate title eng
090 ## - LOCALLY ASSIGNED LC-TYPE CALL NUMBER (OCLC); LOCAL CALL NUMBER (RLIN)
-- 215188
111 2# - MAIN ENTRY--MEETING NAME
Meeting name or jurisdiction name as entry element International Symposium on the Production and Use of Micro-algae Biomass
Date of meeting or treaty signing (1978 :
Location of meeting Acre, Israel)
245 10 - TITLE STATEMENT
Title Algae biomass :
Remainder of title Production and use /
Statement of responsibility, etc. In collab. with the National Council for Research and Development, Israel, and the Gesellschaft fur Strahlen- und Umweltforschung (GSF), Munich, Germany ; Editors : Gedaliah Shelef, Carl J. Soeder ; Technical editorial a assistance provided by Miriam Balaban.
260 ## - PUBLICATION, DISTRIBUTION, ETC.
Place of publication, distribution, etc. Amsterdam ;
-- New York :
Name of publisher, distributor, etc. Elsevier/North-Holland Biomedical Press,
Date of publication, distribution, etc. 1980.
300 ## - PHYSICAL DESCRIPTION
Extent xvii, 852 p. :
Other physical details ill. ;
Dimensions 25 cm.
500 ## - GENERAL NOTE
General note "Papers written or revised and updated to 1980 of lectures presented ... September 17-22, 1978."
500 ## - GENERAL NOTE
General note Includes some papers by non-participants.
504 ## - BIBLIOGRAPHY, ETC. NOTE
Bibliography, etc. note Includes bibliogr. references and index.
650 14 - SUBJECT ADDED ENTRY--TOPICAL TERM
Topical term or geographic name entry element Algae culture
General subdivision Congresses
650 14 - SUBJECT ADDED ENTRY--TOPICAL TERM
Topical term or geographic name entry element Algae products
General subdivision Congresses
650 14 - SUBJECT ADDED ENTRY--TOPICAL TERM
Topical term or geographic name entry element Plant biomass
General subdivision Congresses
700 1# - ADDED ENTRY--PERSONAL NAME
Personal name Shelef, G.
Relationship edt
700 1# - ADDED ENTRY--PERSONAL NAME
Personal name Soeder, Carl J.
Relationship edt
700 1# - ADDED ENTRY--PERSONAL NAME
Personal name Balaban, Miriam.
Relationship edt
710 2# - ADDED ENTRY--CORPORATE NAME
Corporate name or jurisdiction name as entry element Moatsah ha-leumit le-mehkar ule-fituah (Israel)
710 2# - ADDED ENTRY--CORPORATE NAME
Corporate name or jurisdiction name as entry element Gesellschaft fur Strahlen- und Umweltforschung.
942 ## - ADDED ENTRY ELEMENTS (KOHA)
Source of classification or shelving scheme Universal Decimal Classification
Koha item type Գրքեր / Books
Holdings
Withdrawn status Lost status Source of classification or shelving scheme Damaged status Not for loan Collection Home library Current library Date acquired Total checkouts Full call number Barcode Date last seen Price effective from Koha item type Public note
    Universal Decimal Classification     Gulbenkian Individual Collection Fundamental Scientific Library Fundamental Scientific Library 28/12/2016   Gulb/5953 FL0018689 28/12/2016 28/12/2016 Գրքեր / Books ILL Non-Circ.


ՀՀ ԳԱԱ հիմնարար գիտական գրադարան
ՀՀ,Երևան 0019
Մարշալ Բաղրամյան 24/6
հեռախոս:(374-10) 52-47-50
Հետադարձ կապ

All site content, except where otherwise noted, is licensed under a
Creative Commons License